zpět

Detail výsledku týmu

Expedice, Šternberk

Datum a čas kvízu

16 Celkem bodů Celkový počet nahraných bodů na tomto kvízu bez doplňovacích otázek.
5. Pořadí na kvízu Konečné umístění týmu na tomto kvízu.

Zaznamenané odpovědi

# Otázka Odpověď Body Výsledky
1. V sobotu byla v ostravském Gon... 0
2. Minulé úterý oznámila média sm... 0
3. Moderátorský tým motoristickéh... 0
4. Tabákový gigant Philip Morris... 0
5. Majitel anglického fotbalového... 1
6. Toto téma je dalším, které jst... 1
7. Napište název básně ze sbírky... 1
5. Velmi osobitou postavou české... 1
5. Doplňte zcela přesně jméno z t... 0
10. Jakub Arbes, mladší kolega a p... 0